| Tag |
First Indicator |
Second Indicator |
Subfields |
| LEADER |
00000nam a2200000Ia 4500 |
| 001 |
in00004244635 |
| 005 |
20200807092956.0 |
| 006 |
m g d |
| 007 |
cr bn |||a|bb| |
| 008 |
850319s1697 ie o 00| | eng d |
| 035 |
|
|
|a (OCoLC)11825062
|
| 040 |
|
|
|a EAA
|c EAA
|d WaOLN
|
| 037 |
|
|
|a CL0037000025
|b ProQuest Information and Learning. 300 N. Zeeb Rd., Ann Arbor, MI 48106
|
| 049 |
|
|
|a UMIA
|
| 245 |
0 |
2 |
|a A Discourse concerning prophane swearing and cursing ...
|
| 260 |
|
|
|a Dublin :
|b Printed by Jo: Ray ... for Mathew Gunne ...,
|c 1697.
|
| 300 |
|
|
|a 1 online resource ([3], 36 pages)
|
| 336 |
|
|
|a text
|b txt
|2 rdacontent
|
| 337 |
|
|
|a computer
|b c
|2 rdamedia
|
| 338 |
|
|
|a online resource
|b cr
|2 rdacarrier
|
| 500 |
|
|
|a Reproduction of original in Cambridge University Library.
|
| 510 |
4 |
|
|a Wing
|c D1582
|
| 533 |
|
|
|a Electronic reproduction.
|b Ann Arbor, Mich. :
|c UMI,
|d 1999-
|f (Early English books online)
|n Digital version of: (Early English books, 1641-1700 ; 814:4)
|7 s1999 miun s
|
| 650 |
|
0 |
|a Swearing
|v Early works to 1800.
|
| 830 |
|
0 |
|a Early English books online.
|
| 856 |
4 |
0 |
|u http://proxy.library.tamu.edu/login?url=https://search.proquest.com/docview/2240854254
|z Connect to the full text of this electronic book
|t 0
|
| 999 |
f |
f |
|s 8d1497ff-5051-36a0-96f7-70047df90334
|i 229f89e4-f47e-3c6a-982f-3016dd4204c9
|t 0
|
| 952 |
f |
f |
|a Texas A&M University
|b College Station
|c Electronic Resources
|d Available Online
|t 0
|h No information provided
|
| 998 |
f |
f |
|t 0
|l Available Online
|